000 00612nam a2200229Ia 4500
003 OSt
005 20221007080543.0
006 a|||||r|||| 00| 0
007 ta
008 221006b |||||||| |||| 00| 0 eng d
024 _a18,064
037 _cTextual
040 _aFLL
_cFLL
_beng
041 _2eng
_aeng
082 _aY2175.Z.D, L8
100 _aSingh S.D. Au.
245 0 _aPolyandry in ancient india
260 _aNew Delhi
_bVikas publishing house pvt. ltd. India
_c1978
300 _a212p
_ccm.
942 _hY2175.Z.D, L8
_cTEXL
_2CC
999 _c1160070
_d1160070